Countries starting with E - Statistics

General Stats
  • This quiz has been taken 34 times
  • The average score is 6 of 8
Answer Stats
Answer % Correct
Estonia
86%
Eritrea
83%
Egypt
79%
Ethiopia
79%
Ecuador
76%
Eswatini
72%
Equatorial Guinea
55%
El Salvador
48%
No matching quizzes found
Score Distribution
Percent of People with Each Score
Percentile by Number Answered
Your Score History
You have not taken this quiz